00243nam a2200109Ia 4500008004100000050001500041100002200056245002000078260001800098260000900116300000800125160319s9999 xx 000 0 und d bC822n 2004 aCoronel, Myla C.  aNoli Me Tangere bBookmark Inc. c1992 a318